| 000 | 00797nam a2200205Ii 4500 | ||
|---|---|---|---|
| 003 | JO-AjNU | ||
| 008 | 230605s9999||||xx |||||||||||||| ||und|| | ||
| 017 | _a2003/15925 | ||
| 040 |
_aJO-AjNU _bara _erda _cJO-AjNU |
||
| 041 | _aara | ||
| 050 | 1 | 4 | _aBP131.5.J36 2003 |
| 100 | 3 |
_aالجمزورى، سليمان بن حسين؛ تحقيق وتعليق عبد الرزاق بن علي بن ابراهيم موسى, _eauthor _98976 |
|
| 245 | 0 | 0 | _aالفتح الرحماني : شرح كنز المعاني بتحرسر حرز الأماني |
| 264 | 3 | 1 | _aطنطا: دار الضياء، 2003 |
| 300 |
_a251ص _bيتضمن كشافات |
||
| 336 |
_atext _btxt _2rdacontent |
||
| 337 |
_aunmediated _bn _2rdamedia |
||
| 338 |
_avolume _bnc _2rdacarrier |
||
| 650 | 4 |
_aالقران - قراءات _98977 |
|
| 999 |
_aA1062 _c4630 _d4630 |
||